Guía de la Suma Teológica / (Record no. 61775)

MARC details
000 -LEADER
campo de control de longitud fija 00901nam a2200241 i 4500
001 - NÚMERO DE CONTROL
campo de control 61775
003 - IDENTIFICADOR DE NÚMERO DE CONTROL
campo de control ES-MaACL
005 - FECHA Y HORA DE LA ÚLTIMA TRANSACCIÓN
campo de control 20230906164535.0
007 - CAMPO FIJO DE DESCRIPCIÓN FÍSICA--INFORMACIÓN GENERAL
campo de control de longitud fija t|
008 - DATOS DE LONGITUD FIJA--INFORMACIÓN GENERAL
campo de control de longitud fija 031113s1962 sp ||||1| spa d
100 1# - ENTRADA PRINCIPAL--NOMBRE DE PERSONA
Nombre de persona Farrell, Walter.
9 (RLIN) 48892
245 10 - MENCIÓN DEL TÍTULO
Título Guía de la Suma Teológica /
Mención de responsabilidad, etc. W. Farrell ; [introducción a la versión española por G. Tejero ; versión española de Efren Villacorta Saíz].
260 ## - PUBLICACIÓN, DISTRIBUCIÓN, ETC.
Lugar de publicación, distribución, etc. Madrid :
Nombre del editor, distribuidor, etc. Morata,
Fecha de publicación, distribución, etc. 1962.
300 ## - DESCRIPCIÓN FÍSICA
Extensión 4 v. ;
Dimensiones 21 cm.
505 8# - NOTA DE CONTENIDO CON FORMATO
Nota de contenido con formato Contiene: V.I: El arquitecto del Universo. -- V.II: Búsqueda. -- V.III: Plenitud de vida. -- V.IV: El camino de la vida
700 1# - ENTRADA AGREGADA--NOMBRE PERSONAL
Nombre de persona Tejero, Pedro G.
9 (RLIN) 109602
700 1# - ENTRADA AGREGADA--NOMBRE PERSONAL
Nombre de persona Villacorta Saiz, Efrén.
9 (RLIN) 171131
740 3# - ENTRADA AGREGADA--TÍTULO RELACIONADO/ANALÍTICO NO CONTROLADO
Título relacionado o analítico no controlado El arquitecto del Universo.
740 0# - ENTRADA AGREGADA--TÍTULO RELACIONADO/ANALÍTICO NO CONTROLADO
Título relacionado o analítico no controlado Búsqueda de la felicidad.
740 0# - ENTRADA AGREGADA--TÍTULO RELACIONADO/ANALÍTICO NO CONTROLADO
Título relacionado o analítico no controlado Plenitud de vida.
740 3# - ENTRADA AGREGADA--TÍTULO RELACIONADO/ANALÍTICO NO CONTROLADO
Título relacionado o analítico no controlado El camino de la vida.
852 ## - LOCALIZACIÓN
Ubicación ES-MaACL
Número de control de estantería C-21980-3
Sublocalización o colección R.50809
Holdings
Estatus retirado Estado de pérdida Estado de daño No para préstamo Biblioteca de origen Biblioteca actual Ubicación en estantería Fecha de adquisición Fuente de adquisición Total de préstamos Signatura topográfica completa Código de barras Visto por última vez Precio de reemplazo Tipo de ítem Koha
        Biblioteca del Ateneo de Madrid Biblioteca del Ateneo de Madrid Mesetón 17/01/2008     C-21980-3 1064772 23/02/2023 23/02/2023 Libro impreso